|
|
|
|
| LEADER |
00000nam a22000007ic4500 |
| 001 |
IT\ICCU\UBO\2216364 |
| 003 |
ItRI |
| 005 |
20260115232232.0 |
| 008 |
030609s1977 it |||||| ||||| |||||c |
| 040 |
|
|
|b ita
|c importazione bologna sebina
|
| 041 |
|
7 |
|a ita
|2 ISO-639-2
|
| 100 |
1 |
|
|a Nin, Anaïs
|0 IT\ICCU\CFIV\010885
|4 aut
|
| 245 |
0 |
0 |
|a Il diario.
|c Anais Nin.
|
| 260 |
|
|
|a Milano :
|b Bompiani,
|c 1977
|
| 300 |
|
|
|a 421 p. ;
|c 22 cm.
|
| 773 |
0 |
|
|w IT\ICCU\RAV\0049433
|t Il diario
|g 1
|a Nin, Anaïs
|0 IT\ICCU\CFIV\010885
|
| 942 |
|
|
|2 ddc
|c BK
|n 0
|
| 952 |
|
|
|0 0
|1 0
|4 0
|6 DOC_818_520000000000000_NIN
|7 0
|9 22563
|a BO
|b BO
|d 2026-01-15
|i 8594
|l 0
|o DOC 818.520 NIN
|p BO8594
|r 2026-01-15 23:22:32
|w 2026-01-15
|x [Sebina 5] [1 v. (2. copia)]
|y BK
|z 1 v. (2. copia)
|
| 952 |
|
|
|0 0
|1 0
|4 0
|6 DOC_818_520000000000000_NIN
|7 0
|9 22564
|a BO
|b BO
|d 2026-01-15
|i 4568
|l 0
|o DOC 818.520 NIN
|p BO4568
|r 2026-01-15 23:22:32
|w 2026-01-15
|x [Sebina 5] [v. 1-3]
|y BK
|z v. 1
|
| 999 |
|
|
|c 19268
|d 19268
|